| 000 | 00891nam a22002057a 4500 | ||
|---|---|---|---|
| 999 |
_c17861 _d17861 |
||
| 003 | BDDh-ASL | ||
| 005 | 20231015025641.0 | ||
| 008 | 200914b1984 ||||| b||| 00| 0 d | ||
| 040 |
_aBDDh-ASL _cBDDh-ASL _dBDDh-ASL |
||
| 041 | _abengali | ||
| 082 |
_a210.1 _bSYD |
||
| 245 | 1 |
_aসাইদুর রহমান ফাউণ্ডেশন বক্তৃতামালা ১৯৭৯-৮২ _cঢাকা বিশ্ববিদ্যালয়, |
|
| 246 | _aSydur Rahman Foundation Baktritamala 1979-82. | ||
| 260 |
_aঢাকা: _bঢাকা বিশ্ববিদ্যালয়, _c১৯৮৪। |
||
| 300 | _c২২ সে. মি.। | ||
| 504 | _aগ্রন্থপঞ্জি সংযুক্ত। | ||
| 600 | _2সাইদুর রহমান | ||
| 650 | 0 |
_9698 _aবক্তৃতামালা _xপ্রবন্ধ |
|
| 942 |
_2ddc _cBK |
||